000
00359nam a2200133Ia 4500
008
231129s9999||||xx |||||||||||||| ||spa||
020
_a
84-250-4010-8
040
_b
spa
082
_a
616.692 D778i
100
_a
Dreyfus-Moreau J.
245
0
_a
La impotencia sexual
264
_a
Ediciones Guadarrama
942
_2
ddc
_c
BKS
999
_c
17369
_d
17369